| 000 | 00401nab a2200145Ia 4500 | ||
|---|---|---|---|
| 003 | ES-SlBCS | ||
| 005 | 20210601134624.0 | ||
| 008 | 140529s1988 xxu||||| |||| 00| 0 spa d | ||
| 041 | _aspa | ||
| 100 | 1 |
_aStefani, Luciano _9220532 |
|
| 245 | 0 | 0 |
_aEscuela y cambio social _c Luciano Stefani |
| 650 | 0 | 4 |
_aEscuela _9131104 |
| 773 | 0 |
_tAnthropos _gvol. 9, nº. 16, 1988, págs. 91-110 _wRev38 |
|
| 942 | _cAR | ||
| 999 |
_c615427 _d615427 |
||